01162 2200181 4500245003600000020001800036250001200054100001400066700001600080650001700096005001900113260004200132041001400174084001100188300002300199500074900222336000900971 aThe Star and IcIlana TanhText a9786020649665 aCet. 12 aIlana Tan aHesti Rusli aFiksi Remaja a20250313075924 aJakartabGramedia Pustaka Utamac2024 aIndonesia a808.83 a344 hlm. :c20 cm. a"Kulihat dunia dalam matamu dan masa depan dalam senyummu..." Sejak kecil, Olivia Mitchell ingin tahu siapa orangtua kandungnya. Jadi, ketika ia mendapat kesempatan bekerja di New York, ia pun menyambarnya tanpa ragu. Namun, mencari seseorang tanpa nama di kota sebesar New York adalah sesuatu yang mustahil. Kini kontrak kerja Olivia akan segera berakhir, dan Olivia menolak pulang ke Inggris sebelum berhasil melacak keberadaan orang tua kandungnya. Itu berarti ia harus segera mencari pekerjaan baru supaya ia bisa tetap tinggal di New York. Seolah-olah semua itu belum cukup memusingkan, Olivia mendadak bertemu kembali dengan Rex Rankin---sahabat masa kecilnya, sekaligus cinta pertamanya yang gagal---yang muncul untuk menawarkan bantuan. atext